Improving technical and vocational training in Kenya: Lessons form selected countries (Record no. 6801)
[ view plain ]
| 000 -LEADER | |
|---|---|
| fixed length control field | 00603nam a2200193Ia 4500 |
| 003 - CONTROL NUMBER IDENTIFIER | |
| control field | OSt |
| 005 - DATE AND TIME OF LATEST TRANSACTION | |
| control field | 20240723110632.0 |
| 008 - FIXED-LENGTH DATA ELEMENTS--GENERAL INFORMATION | |
| fixed length control field | 230105s9999||||xx |||||||||||||| ||und|| |
| 020 ## - INTERNATIONAL STANDARD BOOK NUMBER | |
| International Standard Book Number | 9966777490 |
| 040 ## - CATALOGING SOURCE | |
| Transcribing agency | Chuka University Library |
| 050 ## - LIBRARY OF CONGRESS CALL NUMBER | |
| Classification number | LC 1047 |
| Item number | O57 2009 |
| 100 ## - MAIN ENTRY--PERSONAL NAME | |
| Personal name | Onsomu, Eldah., Anthony Wambugu and Fredrick Wamalwa |
| 9 (RLIN) | 4239 |
| 245 #0 - TITLE STATEMENT | |
| Title | Improving technical and vocational training in Kenya: Lessons form selected countries |
| 260 ## - PUBLICATION, DISTRIBUTION, ETC. | |
| Place of publication, distribution, etc. | Nairobi |
| Name of publisher, distributor, etc. | KIPPRA |
| Date of publication, distribution, etc. | 2009 |
| 300 ## - PHYSICAL DESCRIPTION | |
| Extent | 52p |
| 650 ## - SUBJECT ADDED ENTRY--TOPICAL TERM | |
| Topical term or geographic name entry element | Technical |
| General subdivision | Education |
| 9 (RLIN) | 17153 |
| 650 ## - SUBJECT ADDED ENTRY--TOPICAL TERM | |
| Topical term or geographic name entry element | Vocational |
| General subdivision | Education |
| 9 (RLIN) | 17154 |
| 942 ## - ADDED ENTRY ELEMENTS (KOHA) | |
| Koha item type | Long Loan Books |
| Source of classification or shelving scheme | Library of Congress Classification |
| Withdrawn status | Lost status | Source of classification or shelving scheme | Damaged status | Not for loan | Collection | Home library | Current library | Shelving location | Date acquired | Total Checkouts | Full call number | Barcode | Date last seen | Price effective from | Koha item type |
|---|---|---|---|---|---|---|---|---|---|---|---|---|---|---|---|
| Library of Congress Classification | General Collection Books | Main Campus Library | Main Campus Library | General Stacks | 05/01/2023 | SPEC LC 1047 .O57 2009 | 8063/2011 | 05/01/2023 | 05/01/2023 | Long Loan Books |
